Trend spolupráce v dodávateľských reťazcoch
Logistické riadenie v dodávateľskom reťazci. Konkurencia verzus spolupráca. Technická revolúcia a spolupráca. Čiastkové informácie o koncepciách spolupráce v dodávateľskom reťazci. Koncepcia ECR (Efficient consumer response). Collaborative forecasting, planning and replenishment (CFPR) - spoločné pr...
Gespeichert in:
| 1. Verfasser: | |
|---|---|
| Format: | Buchkapitel |
| Sprache: | Slowakisch |
| Schlagworte: | |
| Tags: |
Keine Tags, Fügen Sie das erste Tag hinzu!
|
MARC
| LEADER | 00000naa$a2200000$$$4500 | ||
|---|---|---|---|
| 001 | 0051992 | ||
| 005 | 20221207085435.7 | ||
| 041 | 0 | |a slo | |
| 044 | |a SK | ||
| 245 | 1 | 0 | |a Trend spolupráce v dodávateľských reťazcoch |c Marta Hulalová |
| 520 | |a Logistické riadenie v dodávateľskom reťazci. Konkurencia verzus spolupráca. Technická revolúcia a spolupráca. Čiastkové informácie o koncepciách spolupráce v dodávateľskom reťazci. Koncepcia ECR (Efficient consumer response). Collaborative forecasting, planning and replenishment (CFPR) - spoločné prognózovanie, plánovanie a dopĺňanie. EDI (Electronic data interchange) - elektronická výmena údajov/dát. | ||
| 610 | 2 | 0 | |a reťazce dodávateľsko-odberateľské |
| 610 | 2 | 0 | |a reťazce logistické |
| 610 | 2 | 0 | |a konkurencia |
| 610 | 2 | 0 | |a kooperácia |
| 610 | 2 | 0 | |a spolupráca podnikov |
| 610 | 2 | 0 | |a koncepcie |
| 610 | 2 | 0 | |a revolúcia technická |
| 610 | 2 | 0 | |a technológie informačné |
| 610 | 2 | 0 | |a ECR |
| 100 | 1 | |a Hulalová, Marta | |